MARC보기
LDR00000nam c2200205 c 4500
001000000341326
00520260416140247
007ta
008260416s2026 ulkad r 01a kor
020 ▼a 9791194456223 ▼g 94510 : ▼c \75000
040 ▼a 248032 ▼c 248032 ▼d 248032
0411 ▼a kor ▼h eng
0490 ▼l EM111967 ▼v 2 ▼l EM111968 ▼v 2 ▼c 2
056 ▼a 512.515 ▼2 4
090 ▼a 512.515 ▼b 오47ㅇ9
24520 ▼a 아동작업치료학. ▼n 2 / ▼d Jane Clifford O'Brien, ▼e Heather Miller Kuhaneck ; ▼e 최혜숙, ▼e 유은영 외 역
24611 ▼a Case-Smith Occupational Therapy for children and Adolescents
250 ▼a 9판
260 ▼a 서울 : ▼b 한미의학, ▼c 2026
300 ▼a xvii, 577-1005 p. : ▼b 천연색삽화, 표 ; ▼c 29 cm
504 ▼a 참고문헌 및 색인(p. 1007-1012) 수록
546 ▼a 영어 원작을 한국어로 번역
653 ▼a 아동작업치료 ▼a 작업치료평가 ▼a 작업치료중재
7001 ▼a 오브라이언, 제인 클리포드, ▼e 저
7001 ▼a 밀러 쿠하네크, 헤더, ▼e 공저
7001 ▼a 최혜숙, ▼e 역
7001 ▼a 유은영, ▼e 공역
90011 ▼a O'brien, Jane Clifford
90011 ▼a Miller-Kuhaneck, Heather
990 ▼a 관리자2 ▼b 관리자2